000 00580nam a2200205 a 4500
001 BRL_892
005 20190320210937.0
008 231013s1960----mx-a######---#000-0#spa-#
041 _aspa
044 _amx
050 4 _aF1219.1.T4
_b.T46 1960
245 1 0 _aTenayuca
_bGuía oficial
260 _aMéxico, D.F.
_bInstituto Nacional de Antropología e Historia
_c[1960?]
300 _a22 p.
_bil., planos
_c20 cm.
500 _aAu1051
651 4 _aTenayuca (México)
_vGuías
_925251
651 4 _aTenayuca San Bartolo (México)
_vGuías
_925252
902 _aGRL
942 _2lcc
_cB
999 _c9704
_d9704